Statistiques concernant Sorties Boulevard Périphérique de Caen

Cliquez ici pour prendre le quiz!

Statistiques générales

  • Ce quiz a été pris 123 fois
  • Le résultat moyen est 7 sur 17

Statistiques - réponses

Numéro des SortiesNom des Sorties% Correct
Sortie n°1Porte de Paris
71%
Sortie n°12Ifs
63%
Sortie n°3Porte d'Angleterre
61%
Sortie n°13Porte d'Espagne
57%
Sortie n°5Côte de Nacre
53%
Sortie n°9Porte de Bretagne
53%
Sortie n°7Chemin Vert
51%
Sortie n°11.1Fleury-sur-Orne
46%
Sortie n°11Suisse Normande
42%
Sortie n°6Vallées des Jardins
42%
Sortie n°14Cormelles
39%
Sortie n°10Eterville
39%
Sortie n°4Pierre Heuzé
37%
Sortie n°2Presqu'île - Rives de l'Orne - Montalivet
26%
Sortie n°8Bessin
24%
Sortie n°16Pays d'Auge
24%
Sortie n°15Vallée Sèche
20%

Distribution des résultats

Percentile par nombre de réponses

% des personnes avec chaque résultat

Votre développement - résultats

Vous n’avez pas pris ce quiz